Top 100 NFL Players Since 2000 - Statistics

General Stats
  • This quiz has been taken 64 times
  • The average score is 42 of 100
Answer Stats
Hint Answer % Correct
QB Tom Brady
100%
QB Aaron Rodgers
93%
QB Patrick Mahomes
93%
QB Peyton Manning
89%
QB Drew Brees
87%
QB Ben Roethlisberger
85%
WR Calvin Johnson
83%
WR Andre Johnson
80%
TE Travis Kelce
78%
WR Julio Jones
76%
QB Matt Ryan
74%
OLB Chandler Jones
72%
QB Philip Rivers
72%
OT Walter Jones
72%
WR Antonio Brown
70%
DE Jared Allen
70%
RB LaDainian Tomlinson
69%
TE Rob Gronkowski
69%
RB Adrian Peterson
67%
CB Patrick Peterson
67%
WR Steve Smith
67%
RB Derrick Henry
63%
ILB Ray Lewis
63%
DE J.J. Watt
61%
WR A.J. Green
59%
OLB T.J. Watt
59%
TE Tony Gonzalez
59%
S Earl Thomas
57%
S Ed Reed
57%
OT Joe Thomas
57%
QB Matthew Stafford
57%
WR Randy Moss
57%
CB Richard Sherman
57%
RB Lesean McCoy
54%
WR Marvin Harrison
54%
OT Trent Williams
54%
DT Aaron Donald
52%
WR Larry Fitzgerald
52%
KR Devin Hester
50%
RB Marshawn Lynch
50%
WR Tyreek Hill
50%
TE Antonio Gates
48%
ILB Fred Warner
48%
OLB Von Miller
48%
K Adam Vinatieri
44%
RB Shaun Alexander
44%
WR DeAndre Hopkins
43%
OT Tyron Smith
43%
S Harrison Smith
41%
ILB Roquan Smith
41%
QB Cam Newton
39%
RB Frank Gore
39%
RB Edgerrin James
37%
WR Mike Evans
37%
S Troy Polamalu
37%
ILB Bobby Wagner
35%
ILB Luke Kuechly
35%
DE Myles Garrett
35%
WR Reggie Wayne
35%
OG Zack Martin
33%
TE Jason Witten
31%
CB Charles Woodson
30%
CB Derrell Revis
30%
RB Ezekiel Elliott
30%
CB Jalen Ramsey
30%
DT Ndamukong Suh
30%
RB Priest Holmes
30%
OLB Khalil Mack
26%
ILB Demario Davis
24%
ILB Patrick Willis
24%
CB Champ Bailey
22%
WR Dez Bryant
22%
DE Julius Peppers
22%
DT Warren Sapp
22%
DE DeMarcus Ware
20%
WR Devante Adams
20%
DE Terrell Suggs
20%
CB Aqib Talib
19%
CB Stephon Gilmore
19%
C Alex Mack
17%
OT Jonathan Ogden
15%
ILB Lavonte David
15%
WR Stefon Diggs
15%
CB Asante Samuel
13%
DE Dwight Freeney
13%
OG Jahri Evans
13%
WR Anquan Boldin
9%
DE Cameron Jordan
9%
KR Cordarrelle Patterson
7%
OG Marshal Yanda
7%
DT Calais Campbell
6%
S Eric Weddle
6%
DT Geno Atkins
6%
OLB Robert Mathis
6%
S Devin McCourty
4%
DT Fletcher Cox
4%
CB Janoris Jenkins
4%
C Maurkice Pouncey
2%
S Darren Sharper
0%
OG Logan Mankins
0%
No matching quizzes found
Score Distribution
Percent of People with Each Score
Percentile by Number Answered
Your Score History
You have not taken this quiz